Současný stav a podpora soukromého podnikání v ČSFR.
Význam malých a stredných podnikov pre dynamiku ekonomického rozvoja, tvorbu národného dôchodku a zamestnanosť. Uvedenie foriem pomoci, ktorá sa týmto podnikom poskytuje na vládnej, regionálnej i miestnej úrovni. Vývoj a súčasný stav malého a stredného podnikania v ČSFR. Spôsoby a formy malého a str...
Enregistré dans:
| Auteur principal: | |
|---|---|
| Format: | Chapitre de livre |
| Langue: | tchèque |
| Sujets: | |
| Tags: |
Pas de tags, Soyez le premier à ajouter un tag!
|
MARC
| LEADER | 00000naa a2200000 4500 | ||
|---|---|---|---|
| 001 | r010043 | ||
| 005 | 20220831090549.7 | ||
| 041 | 0 | |a cze | |
| 044 | |a [CS] | ||
| 245 | 1 | 0 | |a Současný stav a podpora soukromého podnikání v ČSFR. |c V. Horkel |
| 520 | |a Význam malých a stredných podnikov pre dynamiku ekonomického rozvoja, tvorbu národného dôchodku a zamestnanosť. Uvedenie foriem pomoci, ktorá sa týmto podnikom poskytuje na vládnej, regionálnej i miestnej úrovni. Vývoj a súčasný stav malého a stredného podnikania v ČSFR. Spôsoby a formy malého a stredného súkromného podnikania. Bariéry ďalšieho rozvoja súkromného podnikania. | ||
| 610 | 2 | 0 | |a podnik malý |
| 610 | 2 | 0 | |a podnik stredný |
| 610 | 2 | 0 | |a podnikanie súkromné |
| 610 | 2 | 0 | |a pomoc hospodárska |
| 610 | 2 | 0 | |a ČSFR |
| 610 | 2 | 0 | |a rozvoj hospodársky |
| 610 | 2 | 0 | |a zamestnanosť |
| 610 | 2 | 0 | |a dôchodok národný |
| 100 | 1 | |a Horkel, V. | |